LDR 00676naa#a2200217#i#450# 001 EN\\bibl\122561 005 20260606103527.6 011 ## _a2304-9707 100 ## _a20260519b2026####ek#y0engy0150####ca 101 0# _aRUS 102 ## _aRU 200 1# _aCotard's syndrome in adolescence _eJournal article 210 1# _aMoscow _cPublishing house "Logos Press" _d2026 215 ## _a8 с. 608 ## _aJournal article _2local 686 ## _aКлиническая медицина. 76.29 _2grnti 700 #1 _aOleychik _gIgor' Valentinovich 700 #1 _aShishkina _gAnna Vital'evna 700 #1 _aBaranov _gPetr Aleksandrovich 700 #1 _aSizov _gStepan Vladimirovich 856 4# _alogospress.editorum.ru _u